| 000 | 01693nam a2200373Ia 4500 | ||
|---|---|---|---|
| 001 | ebr10068408 | ||
| 003 | CaPaEBR | ||
| 006 | m u | ||
| 007 | cr cn||||||||| | ||
| 008 | 860121s1985 dcua sb 001 0 eng d | ||
| 010 | _z 85015284 | ||
| 020 | _z030903583X | ||
| 040 |
_aCaPaEBR _cCaPaEBR |
||
| 035 | _a(OCoLC)666941085 | ||
| 050 | 1 | 4 |
_aRA445 _b.I58 1985eb |
| 082 | 0 | 4 |
_a610/.28 _219 |
| 110 | 2 |
_aInstitute of Medicine (U.S.). _bDivision of Health Sciences Policy. |
|
| 245 | 1 | 0 |
_aAssessing medical technologies _h[electronic resource] : _breport of a study / _cby a committee of the Institute of Medicine, Division of Health Sciences Policy, Division of Health Promotion and Disease Prevention. |
| 260 |
_aWashington, D.C. : _bNational Academy Press, _cc1985. |
||
| 300 |
_axvii, 573 p. : _bill. |
||
| 500 | _aOutgrowth of a conference held by the Institute of Medicine in 1980. | ||
| 500 | _aPrepared by the Committee for Evaluating Medical Technologies in Clinical Use. | ||
| 504 | _aIncludes bibliographies and index. | ||
| 533 |
_aElectronic reproduction. _bPalo Alto, Calif. : _cebrary, _d2009. _nAvailable via World Wide Web. _nAccess may be limited to ebrary affiliated libraries. |
||
| 650 | 0 |
_aMedical care _zUnited States. |
|
| 650 | 0 |
_aTechnology assessment _zUnited States. |
|
| 650 | 0 |
_aMedical technology _zUnited States _xEvaluation. |
|
| 650 | 0 | _aMedical care. | |
| 650 | 0 | _aTechnology assessment. | |
| 650 | 0 |
_aMedical technology _xEvaluation. |
|
| 655 | 7 |
_aElectronic books. _2local |
|
| 710 | 2 | _aebrary, Inc. | |
| 856 | 4 | 0 |
_uhttp://site.ebrary.com/lib/rucke/Doc?id=10068408 _zAn electronic book accessible through the World Wide Web; click to view |
| 999 |
_c28356 _d28356 |
||